00830 2200277 4500001002100000005001500021035002000036007000300056008004100059082001500100084001800115100001500133245016000148250001500308260003600323300003700359500002600396650002500422700001600447700001900463040001200482090002000494850001200514041000800526990001800534INLIS00000000079395720180725113406 a0010-0718000984ta180725 g 0 dut 04223a307.72 a307.72 SCH i1 aSchroo, H.1 aIn en om de desa :bleesboekje over mensen, dieren en planten voor de indische scholeh /cdoor H. Schroo ; met illustraties van C. Jetses en M. A. Koekkoek aDerde Druk aBatavia :bJ. B. Wolters,c1935 a79 halaman :bilustrasi ;c18 cm aYang diterima jilid 2 4aPedesaan--Lingkungan1 aJetses , C.1 aKoekkoek, M. A aYOPDYOG aL 307.72 SCH i aYOPDYOG0 adut a36728-PA/A.08